000 01255nam a22003375i 4500
999 _c18996
_d18996
001 22844053
005 20240708154806.0
008 221027s2022 inu 000 0 eng
010 _a 2022948950
020 _a9781119931959
020 _z9781119932352
020 _z978-1-119-93195-9
040 _aDLC
_beng
_erda
_cDLC
042 _apcc
082 _22023
_aDC 658.872
_bD541
100 1 _aDiamond, Stephanie.
_eauthor.
_951845
245 1 0 _aDigital Marketing All-In-One For Dummies /
_cStephanie Diamond.
250 _a2nd Edition.
260 _aHoboken, NJ :
_bJohn Wiley & Sons, Inc.,
_c[2023].
263 _a2211
300 _axxiv, 772 pages :
_billustrations ;
_c24 cm.
500 _aIncludes index.
520 _a"This comprehensive guide to developing an online marketing plan shows how to establish an online presence with social media, target consumers in different market segments and age brackets and turn online prospects into loyal customers"--Provided by publisher.
650 _aInternet marketing.
_951846
650 _aMarketing.
_951847
650 _aDigital media
_911988
365 _b3,735.00
_cPhp
906 _a0
_bibc
_corignew
_d2
_eepcn
_f20
_gy-gencatlg
942 _2ddc
_cDC